[Event "ProMoPro Open 2003"]
[Site "?"]
[Date "2003.09.11"]
[Round "6.22"]
[White "Hoskovec, Josef"]
[Black "Nemcova, Kristyna"]
[Result "1/2-1/2"]
[WhiteElo "1891"]
[BlackElo "1808"]
[PlyCount "100"]
[EventDate "2003.09.06"]

1. d4 Nf6 2. Nf3 g6 3. Nc3 Bg7 4. e4 d6 5. Be2 O-O 6. h3 Nbd7 7. Be3 e5 8. Qd2
c6 9. O-O-O Qa5 10. dxe5 dxe5 11. Kb1 b5 12. Nd5 Qxd2 13. Nxf6+ Nxf6 14. Nxd2
Be6 15. f3 a5 16. Nb3 Nd7 17. Nc5 Nxc5 18. Bxc5 Rfd8 19. Bb6 Rdb8 20. Bc5 Rd8
21. Rd6 Rac8 22. Rhd1 Rxd6 23. Bxd6 f6 24. Bc5 Bf8 25. Bxf8 Kxf8 26. b3 Ke7 27.
c4 bxc4 28. Bxc4 Bxc4 29. bxc4 Rb8+ 30. Kc2 Rb4 31. Kc3 Ra4 32. Rd2 Ra3+ 33.
Kb2 Re3 34. c5 f5 35. exf5 gxf5 36. a4 e4 37. fxe4 fxe4 38. Rd6 Re2+ 39. Kc3 e3
40. Kd3 Rxg2 41. Rxc6 e2 42. Kd2 e1=Q+ 43. Kxe1 Ra2 44. Rc7+ Ke6 45. Rxh7 Rxa4
46. Rh6+ Kd5 47. Rh5+ Kc6 48. Kd2 Rc4 49. Kd3 Rxc5 50. Rxc5+ Kxc5 {remis}
1/2-1/2

[Event "ProMoPro Open 2003"]
[Site "?"]
[Date "2003.09.11"]
[Round "6.23"]
[White "Cabart, Pavel"]
[Black "Vohnout, Pavel"]
[Result "0-1"]
[WhiteElo "1250"]
[BlackElo "2008"]
[PlyCount "92"]
[EventDate "2003.09.06"]

1. e4 c5 2. Nf3 d6 3. d4 cxd4 4. Nxd4 Nf6 5. Nc3 g6 6. Be3 Bg7 7. f3 O-O 8. Qd2
Nc6 9. O-O-O d5 10. exd5 Nxd5 11. Nxc6 bxc6 12. Bd4 Bxd4 13. Qxd4 Qb6 14. Nxd5
cxd5 15. Qe5 Be6 16. h4 Rab8 17. h5 f6 18. Qd4 g5 19. Qxb6 Rxb6 20. Rd4 Rfb8
21. b3 Rc8 22. Kb2 Rbc6 23. Bd3 h6 24. g4 Bf7 25. Re1 e5 26. Ra4 R8c7 27. Ra6
Rxa6 28. Bxa6 d4 29. Bd3 Bd5 30. Be4 Bxe4 31. fxe4 Rc3 32. b4 Rg3 33. b5 Rxg4
34. c4 Kf7 35. c5 Rg2+ 36. Kb3 Rg3+ 37. Kc4 Ke6 38. b6 axb6 39. cxb6 Rc3+ 40.
Kb5 Kd7 41. Rf1 d3 42. Rxf6 d2 43. Rf7+ Ke6 44. Rf1 Rc1 45. b7 Rxf1 46. b8=Q
Rb1+ {bily se vzdal} 0-1

[Event "ProMoPro Open 2003"]
[Site "?"]
[Date "2003.09.11"]
[Round "6.24"]
[White "Pribyl, Josef"]
[Black "Voglova, Eva"]
[Result "1-0"]
[WhiteElo "2393"]
[BlackElo "1657"]
[PlyCount "81"]
[EventDate "2003.09.06"]

1. c4 Nf6 2. Nf3 g6 3. Nc3 Bg7 4. g3 d6 5. Bg2 c5 6. d4 O-O 7. O-O Nc6 8. d5
Nb4 9. e4 Bg4 10. h3 Bd7 11. Re1 Qc8 12. Kh2 Na6 13. e5 dxe5 14. Nxe5 Nc7 15.
Nxd7 Qxd7 16. Bf4 Nce8 17. Qa4 Qd8 18. b4 Nd7 19. Rac1 Nd6 20. Ne4 Nb6 21. Qb3
Rc8 22. Nxc5 Nbxc4 23. Nxb7 Qb6 24. Nc5 Rfe8 25. Rxc4 Nxc4 26. Qxc4 a5 27. a3
Bb2 28. Bc1 Qf6 29. Qe2 Bxc1 30. Rxc1 axb4 31. axb4 Qd4 32. Rc4 Qf6 33. Qe3 Qb6
34. Rh4 h5 35. Re4 Qd6 36. Qd4 Red8 37. Nb7 Qxd5 38. Nxd8 Rxd8 39. Qxd5 Rxd5
40. Rxe7 Rd4 41. b5 {cerna se vzdala} 1-0

[Event "ProMoPro Open 2003"]
[Site "?"]
[Date "2003.09.11"]
[Round "6.25"]
[White "Novak, Vaclav"]
[Black "Steinhauser, Dominik"]
[Result "1-0"]
[WhiteElo "2113"]
[BlackElo "1793"]
[PlyCount "43"]
[EventDate "2003.09.06"]

1. e4 c5 2. Nf3 d6 3. d3 Nc6 4. Nc3 g6 5. Be3 Bg7 6. Qd2 Bd7 7. Be2 Nf6 8. h3
O-O 9. Bh6 a6 10. Bxg7 Kxg7 11. g4 b5 12. g5 Ne8 13. h4 b4 14. Nd5 e6 15. Ne3
Nc7 16. h5 d5 17. e5 Nb5 18. Ng4 Na5 19. Nf6 Rh8 20. Qf4 Qc7 21. Nxd7 Qxd7 22.
Qf6+ {cerny se vzdal} 1-0

[Event "ProMoPro Open 2003"]
[Site "?"]
[Date "2003.09.11"]
[Round "6.26"]
[White "Hampel, Rudolf"]
[Black "Erneker, Josef"]
[Result "0-1"]
[WhiteElo "1757"]
[BlackElo "1990"]
[PlyCount "82"]
[EventDate "2003.09.06"]

1. e4 c5 2. Nf3 d6 3. d4 cxd4 4. Nxd4 Nf6 5. Nc3 g6 6. Bg5 Bg7 7. Qd2 Nc6 8.
O-O-O Qb6 9. Nb3 Be6 10. f3 a5 11. Bb5 Nd7 12. Bh6 Bf6 13. Be3 Qc7 14. Nd5 Bxd5
15. exd5 Nce5 16. Qe2 Rc8 17. Rd2 g5 18. f4 gxf4 19. Bxf4 Kd8 20. Rf1 a4 21.
Nd4 Nc4 22. Rdd1 {Diagram #} 22... Nxb2 23. Kxb2 Qc3+ 24. Kc1 Qa1+ 25. Kd2
Qxd4+ 26. Ke1 Qc3+ 27. Kf2 Bd4+ 28. Rxd4 Qxd4+ 29. Be3 Qxd5 30. c4 Qe6 31. Kg1
Nc5 32. Rd1 Rg8 33. Qd2 Ne4 34. Qa5+ Rc7 35. Bb6 Rxg2+ 36. Kxg2 Qg4+ 37. Kf1
Qxd1+ 38. Kg2 Qg4+ 39. Kf1 Qh3+ 40. Ke1 Qc3+ 41. Qxc3 Nxc3 {bily se vzdal} 0-1

[Event "ProMoPro Open 2003"]
[Site "?"]
[Date "2003.09.11"]
[Round "6.27"]
[White "Konopka, Lukas"]
[Black "Steinhauser, Antonin"]
[Result "0-1"]
[WhiteElo "1669"]
[BlackElo "1913"]
[PlyCount "70"]
[EventDate "2003.09.06"]

1. e4 c5 2. Nf3 d6 3. d4 cxd4 4. Nxd4 Nf6 5. Nc3 g6 6. Be3 Bg7 7. f3 O-O 8. Qd2
Nc6 9. Bc4 Bd7 10. Nxc6 bxc6 11. Bh6 Rb8 12. e5 dxe5 13. O-O-O Qb6 14. Na4 Bxh6
15. Qxh6 Qb4 16. Bb3 c5 17. a3 Qa5 18. Nc3 Qb6 19. Qe3 a5 20. a4 Qb4 21. Qxe5
c4 22. Na2 Qb7 23. Bxc4 Bxa4 24. b3 Rfc8 25. Qxa5 {#} 25... Bxb3 26. Bxb3 Qxb3
27. Rd8+ Kg7 28. Rxc8 Rxc8 29. Nb4 Rc4 30. Re1 Qc3 31. Rxe7 Rxb4 32. Qa2 Nd5
33. Rxf7+ Kxf7 34. Qxd5+ Ke7 35. Qg5+ Ke8 {bily se vzdal} 0-1

[Event "ProMoPro Open 2003"]
[Site "?"]
[Date "2003.09.11"]
[Round "6.28"]
[White "Kudrna, Jakub"]
[Black "Cebis, Petr"]
[Result "0-1"]
[WhiteElo "1796"]
[BlackElo "1852"]
[PlyCount "46"]
[EventDate "2003.09.06"]

1. d4 e6 2. Nf3 f5 3. c4 Nf6 4. e3 d5 5. cxd5 exd5 6. Nc3 c6 7. Bd3 Bd6 8. O-O
O-O 9. Qb3 Kh8 10. h3 Nbd7 11. Qc2 Ne4 12. Nd2 Qg5 13. f4 Qg3 14. Ndxe4 fxe4
15. Nxe4 dxe4 16. Bxe4 Nf6 17. Rf3 Qe1+ 18. Rf1 Qh4 19. Bd3 Nd5 20. Bd2 Bxh3
21. gxh3 Qg3+ 22. Kh1 Qxh3+ 23. Kg1 Qg3+ {bily se vzdal} 0-1

[Event "ProMoPro Open 2003"]
[Site "?"]
[Date "2003.09.12"]
[Round "6.29"]
[White "Korsa, Jindrich"]
[Black "Listopad, Martin"]
[Result "1-0"]
[WhiteElo "1995"]
[BlackElo "1823"]
[PlyCount "51"]
[EventDate "2003.09.06"]

1. e4 c5 2. Nf3 d6 3. d4 cxd4 4. Nxd4 Nf6 5. Nc3 g6 6. Be3 Bg7 7. Qd2 O-O 8.
O-O-O Nc6 9. f3 Bd7 10. h4 h5 11. Nxc6 Bxc6 12. Bc4 a6 13. Bh6 Rc8 14. Bb3 Bxh6
15. Qxh6 b5 16. Qxg6+ Kh8 17. Qh6+ Nh7 18. Qxh5 b4 19. Ne2 Qc7 20. Nd4 Bd7 21.
Rd2 e6 22. Rhd1 a5 23. Nb5 Bxb5 24. Qxb5 Rb8 25. Qc4 Qa7 26. Qd4+ {
cerny se vzdal} 1-0

[Event "ProMoPro Open 2003"]
[Site "?"]
[Date "2003.09.12"]
[Round "6.30"]
[White "Hybl, Vladislav"]
[Black "Kosar, Milan"]
[Result "1/2-1/2"]
[WhiteElo "1827"]
[BlackElo "1713"]
[PlyCount "106"]
[EventDate "2003.09.06"]

1. e4 c5 2. Nf3 Nc6 3. c4 e6 4. Nc3 Nf6 5. Be2 Be7 6. O-O O-O 7. d4 cxd4 8.
Nxd4 Bb4 9. Nxc6 dxc6 10. e5 Bxc3 11. bxc3 Ne4 12. Qc2 f5 13. exf6 Nxf6 14. Bf4
Qe7 15. Rad1 e5 16. Bg5 Be6 17. Bd3 h6 18. Bh4 Qc5 19. Rd2 Bxc4 20. Bxc4+ Qxc4
21. Bxf6 Rxf6 22. Rfd1 Raf8 23. Qb3 Qxb3 24. axb3 a5 25. Re1 Re8 26. Rde2 Rfe6
27. f4 e4 28. Kf2 b5 29. Ra1 Ra8 30. Ke3 Rd8 31. Rd2 Rxd2 32. Kxd2 Rd6+ 33. Ke3
Rd3+ 34. Kxe4 Rxc3 35. Rxa5 Rxb3 36. Kf5 Rb2 37. g4 Rxh2 38. Kg6 Kf8 39. Ra8+
Ke7 40. Rg8 b4 41. Rxg7+ Kf8 42. f5 Rh4 43. Kf6 c5 44. Rc7 Ke8 45. Ke6 Kd8 46.
Rg7 Rh1 47. Kd6 Rd1+ 48. Kxc5 b3 49. Rb7 Rb1 50. Kb4 b2 51. Kb3 Rg1 52. Kxb2
Rxg4 53. Rh7 Rf4 {remis} 1/2-1/2

[Event "ProMoPro Open 2003"]
[Site "?"]
[Date "2003.09.11"]
[Round "6.31"]
[White "Janota, Jiri"]
[Black "Hejl, Jaroslav"]
[Result "1-0"]
[WhiteElo "1571"]
[BlackElo "1709"]
[PlyCount "63"]
[EventDate "2003.09.06"]

1. e4 e6 2. d4 d5 3. e5 c5 4. Nc3 Nc6 5. Nf3 cxd4 6. Nb5 Bc5 7. Nbxd4 Qb6 8. c3
Nge7 9. Bd3 Bd7 10. Bc2 Rc8 11. O-O Ng6 12. Bxg6 hxg6 13. a3 a5 14. Nxc6 Bxc6
15. a4 O-O 16. Nd4 Qc7 17. Bf4 Qd7 18. h4 Be7 19. g3 b5 20. axb5 Bxb5 21. Re1
Ra8 22. Qd2 Bc4 23. Kg2 Rfb8 24. Rh1 Qb7 25. h5 gxh5 26. Rxh5 Ra6 27. Rah1 f5
28. Qd1 Bc5 29. Rh8+ Kf7 30. Qh5+ Ke7 31. Bg5+ Kd7 32. Qf7+ {cerny se vzdal}
1-0

[Event "ProMoPro Open 2003"]
[Site "?"]
[Date "2003.09.10"]
[Round "5.1"]
[White "Studnicka, Tomas"]
[Black "Cernousek, Lukas"]
[Result "0-1"]
[WhiteElo "2282"]
[BlackElo "2293"]
[PlyCount "86"]
[EventDate "2003.09.06"]

1. d4 d5 2. c4 c6 3. Nf3 Nf6 4. Nc3 e6 5. Bg5 dxc4 6. e4 b5 7. e5 h6 8. Bh4 g5
9. Nxg5 hxg5 10. Bxg5 Nbd7 11. g3 Bb7 12. Bg2 Qb6 13. exf6 c5 14. d5 b4 15. O-O
bxc3 16. dxe6 {Diagram #} 16... Ne5 17. Re1 Bxg2 18. Rxe5 Qc6 19. Qd7+ Qxd7 20.
exd7+ Kxd7 21. Kxg2 cxb2 22. Rb1 Bd6 23. Re3 Rab8 24. Rc3 Rb4 25. Bd2 Be5 26.
Rc2 Rhb8 27. Bxb4 Rxb4 28. a3 c3 29. axb4 cxb4 30. Kf3 a5 31. Ke4 a4 32. Kxe5
a3 {Diagram #} 33. Rd1+ Kc6 34. Kd4 a2 35. Rcc1 Kb5 36. Kd3 Ka4 37. h4 Kb3 38.
h5 c2 39. Rh1 b1=Q 40. h6 a1=Q {Diagram #} 41. h7 Qxc1 42. Rxc1 Qxc1 43. h8=Q
Qd1+ {bily se vzdal} 0-1

[Event "ProMoPro Open 2003"]
[Site "?"]
[Date "2003.09.10"]
[Round "5.2"]
[White "Neuman, Petr"]
[Black "Jirka, Jiri"]
[Result "1-0"]
[WhiteElo "2438"]
[BlackElo "2400"]
[PlyCount "55"]
[EventDate "2003.09.06"]

1. d4 d5 2. c4 c6 3. Nc3 Nf6 4. Nf3 a6 5. a4 Nbd7 6. cxd5 cxd5 7. Bf4 e6 8. e3
Bb4 9. Bd3 Ne4 10. Qb3 Qe7 11. Bxe4 dxe4 12. Nd2 f5 13. O-O Nb6 14. Bg5 Qf8 15.
f3 exf3 16. Nxf3 Bd7 17. e4 h6 18. Bd2 O-O-O 19. Ne5 Qd6 20. Be3 Rhf8 21. Ng6
Bxc3 22. Qxc3+ Bc6 23. Nxf8 Qxf8 24. d5 Nxd5 25. exd5 Rxd5 26. b4 Qf6 27. Qxf6
gxf6 28. Rfd1 {cerny se vzdal} 1-0

[Event "ProMoPro Open 2003"]
[Site "?"]
[Date "2003.09.10"]
[Round "5.3"]
[White "Forman, Stepan"]
[Black "Csala, Jan"]
[Result "1/2-1/2"]
[WhiteElo "2252"]
[BlackElo "2204"]
[PlyCount "87"]
[EventDate "2003.09.06"]

1. d4 Nf6 2. Nc3 g6 3. e4 d6 4. Bc4 Bg7 5. Qe2 c6 6. e5 Nd5 7. Bd2 Nxc3 8. Bxc3
O-O 9. h4 b5 10. Bb3 a5 11. a3 h5 12. Nh3 Ba6 13. e6 f5 14. Qe3 b4 15. axb4
axb4 16. Bxb4 c5 17. dxc5 Nc6 18. Bc3 dxc5 19. Bxg7 Kxg7 20. Qxc5 Qc7 21. Qc3+
Kg8 22. Ng5 Qf4 23. g3 Qg4 24. Qe3 Nd4 25. Ra4 Bc4 26. Rxc4 Ra1+ 27. Kd2 Rxh1
28. Rxd4 Qd1+ 29. Kc3 Qa1 30. Qe5 Rb1 31. Nf7 Qxb2+ 32. Kb4 Kh7 33. Rc4 Qa2 34.
Qf4 Kg8 35. Qe5 Kh7 36. Qf4 Kg8 37. Qh6 Rb8+ 38. Kc5 Qa5+ 39. Kd4 Rd1+ 40. Ke3
Rxb3+ 41. cxb3 Qd2+ 42. Kf3 Qd5+ 43. Kf4 Qd2+ 44. Kf3 {remis} 1/2-1/2

[Event "ProMoPro Open 2003"]
[Site "?"]
[Date "2003.09.10"]
[Round "5.4"]
[White "Soural, Jan"]
[Black "Hausner, Ivan"]
[Result "0-1"]
[WhiteElo "2143"]
[BlackElo "2441"]
[PlyCount "80"]
[EventDate "2003.09.06"]

1. d4 Nf6 2. Nf3 g6 3. c4 Bg7 4. Nc3 d6 5. e4 O-O 6. Be2 e5 7. O-O Nc6 8. d5
Ne7 9. Ne1 Nd7 10. Be3 f5 11. f3 f4 12. Bf2 g5 13. Rc1 Ng6 14. c5 Nxc5 15. b4
Na6 16. Nd3 Rf7 17. Nb5 Bd7 18. a4 Bxb5 19. axb5 Nb8 20. Qc2 Qf8 21. Ra1 b6 22.
Ra3 Nd7 23. Rfa1 Nf6 24. Rxa7 Rxa7 25. Rxa7 Qd8 26. Nb2 Bf8 27. h3 h5 28. Qc6
Rg7 29. Kf1 g4 30. Ra8 Qe7 31. Ra7 Nxe4 32. fxe4 f3 33. Nd3 fxe2+ 34. Kxe2 Nf4+
35. Kd2 Nxg2 36. Bxb6 Qg5+ 37. Kc3 cxb6 38. Rxg7+ Qxg7 39. hxg4 hxg4 40. Qxb6
Nf4 {bily se vzdal} 0-1

[Event "ProMoPro Open 2003"]
[Site "?"]
[Date "2003.09.10"]
[Round "5.5"]
[White "Matras , Ondrej"]
[Black "Novak , Jindrich"]
[Result "1-0"]
[WhiteElo "2242"]
[BlackElo "2020"]
[PlyCount "59"]
[EventDate "2003.09.06"]

1. d4 b5 2. e4 a6 3. c4 Bb7 4. f3 bxc4 5. Bxc4 e6 6. Nc3 d5 7. exd5 exd5 8. Bb3
Nf6 9. Bg5 Be7 10. Nge2 O-O 11. O-O c5 12. dxc5 Bxc5+ 13. Kh1 d4 14. Ne4 Ba7
15. Nxf6+ gxf6 16. Bh6 Nc6 17. f4 Kh8 18. Bxf8 Qxf8 19. Rf3 Qh6 20. Bd5 Rd8 21.
Be4 Re8 22. Ng3 Rxe4 23. Nxe4 Nd8 24. Qd3 Qg6 25. Re1 f5 26. Ng5 h6 27. Re8+
Kg7 28. Rg3 Qc6 29. Nh7+ Kxh7 30. Qxf5+ {cerny se vzdal} 1-0

[Event "ProMoPro Open 2003"]
[Site "?"]
[Date "2003.09.10"]
[Round "5.6"]
[White "Sodoma, Jan"]
[Black "Stross, Frantisek"]
[Result "1/2-1/2"]
[WhiteElo "2183"]
[BlackElo "2229"]
[PlyCount "23"]
[EventDate "2003.09.06"]

1. e4 c5 2. c4 Nc6 3. Ne2 e5 4. g3 d6 5. Bg2 h5 6. h4 g6 7. d3 Bh6 8. Bxh6 Nxh6
9. Qd2 Be6 10. Nbc3 Qd7 11. O-O-O O-O-O 12. f4 {remis} 1/2-1/2

[Event "ProMoPro Open 2003"]
[Site "?"]
[Date "2003.09.10"]
[Round "5.7"]
[White "Pirklova, Hana"]
[Black "Kubikova, Hana"]
[Result "1/2-1/2"]
[WhiteElo "2139"]
[BlackElo "2145"]
[PlyCount "40"]
[EventDate "2003.09.06"]

1. e4 c5 2. Nf3 Nc6 3. d4 cxd4 4. Nxd4 Nf6 5. Nc3 e5 6. Ndb5 d6 7. Bg5 a6 8.
Na3 b5 9. Nd5 Be7 10. Bxf6 Bxf6 11. c3 Ne7 12. Nc2 Nxd5 13. Qxd5 Rb8 14. Rd1
Be7 15. Nb4 Bb7 16. Qd3 O-O 17. Nd5 Bxd5 18. Qxd5 Qb6 19. Be2 Rbc8 20. O-O Rc5
{remis} 1/2-1/2

[Event "ProMoPro Open 2003"]
[Site "?"]
[Date "2003.09.10"]
[Round "5.8"]
[White "Stehno, Pavel"]
[Black "Urbanek, Stepan"]
[Result "1-0"]
[WhiteElo "2327"]
[BlackElo "2120"]
[PlyCount "125"]
[EventDate "2003.09.06"]

1. e4 e6 2. d4 d5 3. e5 c5 4. c3 Nc6 5. Nf3 Bd7 6. a3 f6 7. Bf4 Qc7 8. Bd3 c4
9. Bc2 O-O-O 10. Nbd2 Nh6 11. O-O Nf7 12. Qe2 f5 13. b3 cxb3 14. Bxb3 h6 15. h4
g6 16. c4 dxc4 17. Nxc4 g5 18. Bh2 g4 19. Ne1 Nxd4 20. Qb2 Nxb3 21. Qxb3 Kb8
22. Nd3 Rc8 23. Rab1 Bc6 24. Nf4 Ng5 25. Nd6 Bxd6 26. exd6 Qd7 27. Ng6 Nf7 28.
Nxh8 Rxh8 29. Rfe1 Re8 30. Be5 Nxe5 31. Rxe5 Qxd6 32. Rbe1 Be4 33. Rb5 Qc6 34.
Qg3+ Ka8 35. Rb4 Rd8 36. Kh2 a6 37. Re3 Qd6 38. Qxd6 Rxd6 39. Kg3 Rd2 40. a4
Kb8 41. h5 Kc7 42. Rexe4 fxe4 43. Rxe4 Kd6 44. Rxg4 b5 45. axb5 axb5 46. Rg6
Rd5 47. Rxh6 b4 48. Rh8 b3 49. Rb8 Rxh5 50. Rxb3 Rg5+ 51. Kf3 Rf5+ 52. Ke2 Rg5
53. g3 Ra5 54. Re3 Ke7 55. g4 Kf6 56. Kf3 Ra6 57. Kf4 Ra4+ 58. Re4 Ra6 59. g5+
Kf7 60. Kg4 Kg6 61. f4 Rb6 62. Rxe6+ Rxe6 63. f5+ {cerny se vzdal} 1-0

[Event "ProMoPro Open 2003"]
[Site "?"]
[Date "2003.09.10"]
[Round "5.9"]
[White "Vedral, Oldrich"]
[Black "Voboril, Pavel"]
[Result "1-0"]
[WhiteElo "2212"]
[BlackElo "2109"]
[PlyCount "75"]
[EventDate "2003.09.06"]

1. d4 Nf6 2. c4 e6 3. Nf3 d5 4. Nc3 Be7 5. e3 O-O 6. Bd3 b6 7. O-O Bb7 8. b3
Nbd7 9. Bb2 Re8 10. Rc1 Bf8 11. Qe2 a6 12. Rfd1 c6 13. e4 dxe4 14. Nxe4 Nxe4
15. Bxe4 Nf6 16. Bb1 Qc7 17. Qc2 Qf4 18. Ne5 Rad8 19. Rd3 c5 20. d5 exd5 21.
Rf3 Qe4 22. Qd1 dxc4 23. Bxe4 Rxd1+ 24. Rxd1 Bxe4 25. Re3 cxb3 26. axb3 Bf5 27.
Nc4 Rxe3 28. Nxe3 Be6 29. Rd8 Nd7 30. Nc4 f6 31. Ra8 a5 32. Ra7 a4 33. bxa4
Bxc4 34. Rxd7 Bb3 35. Ra7 c4 36. Bd4 Bc5 37. Bxc5 bxc5 38. Kf1 {cerny se vzdal}
1-0

[Event "ProMoPro Open 2003"]
[Site "?"]
[Date "2003.09.10"]
[Round "5.10"]
[White "Forman, Miroslav"]
[Black "Urbankova , Eva"]
[Result "1-0"]
[WhiteElo "1828"]
[BlackElo "2172"]
[PlyCount "105"]
[EventDate "2003.09.06"]

1. d4 Nf6 2. Bg5 e6 3. Nd2 Be7 4. e4 d5 5. e5 Nfd7 6. Bxe7 Qxe7 7. Qg4 f6 8. f4
f5 9. Qh5+ g6 10. Qh6 b6 11. Ngf3 Ba6 12. Bxa6 Nxa6 13. c3 c5 14. a3 c4 15. O-O
Qf8 16. Qh4 h6 17. a4 Qe7 18. Qxe7+ Kxe7 19. Nb1 Nab8 20. Na3 a6 21. Nc2 Nc6
22. Nd2 g5 23. h3 Rhg8 24. Ne3 Nf8 25. Kh2 gxf4 26. Rxf4 Ng6 27. Rf3 h5 28. g3
Rg7 29. b3 cxb3 30. Nxb3 Rc8 31. a5 b5 32. Nc5 Ncxe5 33. Nxd5+ exd5 34. Re1 Kf6
35. dxe5+ Nxe5 36. Rfe3 Rxc5 37. Rxe5 Rc6 38. Rxd5 Kg5 39. Kg2 Rgc7 40. h4+ Kf6
41. Ree5 Rxc3 42. Rxf5+ Ke6 43. Rfe5+ Kf6 44. Rxh5 R7c6 45. Rh6+ Kg7 46. Rdd6
R6c4 47. Rhg6+ Kf7 48. Rxa6 b4 49. Rgb6 b3 50. Ra7+ Kg8 51. Rb8+ Rc8 52. Rxc8+
Rxc8 53. Rb7 {cerny se vzdal} 1-0

[Event "ProMoPro Open 2003"]
[Site "?"]
[Date "2003.09.10"]
[Round "5.11"]
[White "Londyn, Radek"]
[Black "Horak, Karel"]
[Result "1-0"]
[WhiteElo "2152"]
[BlackElo "1638"]
[PlyCount "29"]
[EventDate "2003.09.06"]

1. e4 c6 2. d4 d5 3. e5 Bf5 4. Nc3 e6 5. g4 Bg6 6. Nge2 c5 7. Be3 Qc7 8. f4
cxd4 9. Nxd4 a6 10. Qd2 h5 11. f5 exf5 12. gxf5 Bh7 13. Nxd5 Qxe5 14. Nf3 Bb4
15. Nxe5 {cerny se vzdal} 1-0

[Event "ProMoPro Open 2003"]
[Site "?"]
[Date "2003.09.10"]
[Round "5.12"]
[White "Hackel, Ludek"]
[Black "Podbrdsky, Pavel"]
[Result "1/2-1/2"]
[WhiteElo "2107"]
[BlackElo "2142"]
[PlyCount "40"]
[EventDate "2003.09.06"]

1. d4 Nf6 2. c4 e6 3. Nf3 Bb4+ 4. Bd2 Qe7 5. g3 O-O 6. Bg2 Bxd2+ 7. Nbxd2 d6 8.
O-O e5 9. e3 c6 10. c5 exd4 11. cxd6 Qxd6 12. Nxd4 Bg4 13. Qb3 Qc7 14. h3 Bh5
15. Rac1 Qb6 16. Qc3 Nbd7 17. Nc4 Qc7 18. Nf5 Be2 19. Rfe1 Bxc4 20. Qxc4 Rad8 {
remis} 1/2-1/2

[Event "ProMoPro Open 2003"]
[Site "?"]
[Date "2003.09.10"]
[Round "5.13"]
[White "Dusek, Martin"]
[Black "Chalupa, Ivan"]
[Result "1-0"]
[WhiteElo "2146"]
[BlackElo "2086"]
[PlyCount "105"]
[EventDate "2003.09.06"]

1. e4 e5 2. Nf3 Nc6 3. Bb5 a6 4. Bxc6 dxc6 5. d4 exd4 6. Qxd4 Qxd4 7. Nxd4 c5
8. Ne2 Bd7 9. Nbc3 Bc6 10. f3 O-O-O 11. Kf2 Bd6 12. Rd1 Ne7 13. Bf4 Bxf4 14.
Nxf4 Rde8 15. g4 b6 16. Nh5 g5 17. Nf6 Ref8 18. h4 gxh4 19. Rh1 h5 20. Nxh5 f5
21. Ke3 fxg4 22. fxg4 Ng6 23. Raf1 Rxf1 24. Rxf1 Ne5 25. Nf6 Rf8 26. Rf5 Nc4+
27. Kf2 Nd6 28. Rf4 Bxe4 29. Ncxe4 Nxe4+ 30. Rxe4 Rxf6+ 31. Kg2 Rd6 32. Re2 Rd1
33. Kh3 Ra1 34. a3 Ra2 35. c3 Ra1 36. Kxh4 Kd7 37. Kh5 Kc6 38. g5 Kb5 39. g6
Rh1+ 40. Kg5 Rg1+ 41. Kf6 Kc4 42. g7 Rf1+ 43. Ke7 Rg1 44. Kf8 Rf1+ 45. Kg8 Kb3
46. Rh2 b5 47. Kh7 Rg1 48. g8=Q+ Rxg8 49. Kxg8 a5 50. Kf7 c4 51. Ke6 c5 52. Kd5
b4 53. Kxc5 {cerny se vzdal} 1-0

[Event "ProMoPro Open 2003"]
[Site "?"]
[Date "2003.09.10"]
[Round "5.15"]
[White "Jinova, Lucie"]
[Black "Dlouhy, David"]
[Result "1-0"]
[WhiteElo "2116"]
[BlackElo "1974"]
[PlyCount "107"]
[EventDate "2003.09.06"]

1. e4 d6 2. d4 Nf6 3. Nc3 c6 4. f3 Qc7 5. Nge2 b5 6. a3 e5 7. Be3 Nbd7 8. g4
Nb6 9. Ng3 h6 10. Qd2 a6 11. h4 Be6 12. g5 exd4 13. Bxd4 Nfd7 14. Nh5 Ne5 15.
Qf2 c5 16. Be3 O-O-O 17. gxh6 gxh6 18. a4 Nec4 19. Bxc4 bxc4 20. a5 Nd7 21. Nf4
Qb7 22. Rb1 Qb4 23. Bd2 Qxa5 24. Ncd5 Qa2 25. Ke2 Bg7 26. Ra1 Qxb2 27. Ne7+ Kc7
28. Ba5+ Nb6 29. Bxb6+ Kd7 30. Bxd8 Qxc2+ 31. Kf1 Qxf2+ 32. Kxf2 Rxd8 33. Ned5
Bxa1 34. Rxa1 Rb8 35. Rxa6 Rb2+ 36. Kg3 Rb1 37. Ra7+ Kd8 38. Nc7 Bd7 39. Nfd5
Bc6 40. Ra3 Rb3 41. Ra2 f5 42. Kf4 fxe4 43. fxe4 Rh3 44. Kg4 Bd7+ 45. Kh5 Be8+
46. Nxe8 Kxe8 47. Rc2 Rh1 48. Rxc4 Kf7 49. Ne3 Ke6 50. Ng4 Rg1 51. Nxh6 d5 52.
Rxc5 dxe4 53. Ng4 Kd6 54. Rg5 {cerny se vzdal} 1-0

[Event "ProMoPro Open 2003"]
[Site "?"]
[Date "2003.09.10"]
[Round "5.16"]
[White "Kucera, Tomas"]
[Black "Kriz , Pavel"]
[Result "1-0"]
[WhiteElo "2111"]
[BlackElo "1792"]
[PlyCount "67"]
[EventDate "2003.09.06"]

1. d4 Nf6 2. c4 d6 3. Nc3 g6 4. e4 Bg7 5. Nf3 O-O 6. Be2 e5 7. Bg5 Nc6 8. dxe5
dxe5 9. Qxd8 Rxd8 10. Bxf6 Bxf6 11. Nd5 Bg7 12. Nxc7 Rb8 13. O-O b6 14. Rfd1
Bb7 15. Rxd8+ Rxd8 16. Nd5 Nb8 17. Rd1 Nd7 18. b4 Kf8 19. Kf1 Rc8 20. Nd2 Nf6
21. f3 Nd7 22. Bd3 Ba6 23. Rc1 Bb7 24. Nb3 Ke8 25. c5 bxc5 26. bxc5 Kd8 27. Bb5
Bc6 28. Bxc6 Rxc6 29. Na5 Ra6 30. Nb7+ Kc8 31. c6 Nb6 32. Nd6+ Kd8 33. c7+ Kd7
34. Nxb6+ {cerny se vzdal} 1-0

[Event "ProMoPro Open 2003"]
[Site "?"]
[Date "2003.09.10"]
[Round "5.17"]
[White "Horyna, Josef"]
[Black "Cabart, Pavel"]
[Result "1-0"]
[WhiteElo "2029"]
[BlackElo "1250"]
[PlyCount "117"]
[EventDate "2003.09.06"]

1. d4 Nf6 2. Nf3 e6 3. Bg5 c5 4. c3 cxd4 5. Nxd4 d5 6. e3 Be7 7. Bd3 O-O 8. O-O
Nc6 9. Nxc6 bxc6 10. Nd2 e5 11. e4 Rb8 12. Qc2 h6 13. Bh4 Be6 14. Rfd1 Qb6 15.
Bxf6 Bxf6 16. b3 Bg4 17. Re1 Rbd8 18. Nf1 dxe4 19. Bxe4 Bg5 20. Ne3 Be6 21. g3
f5 22. Bg2 f4 23. Nc4 Bxc4 24. bxc4 fxg3 25. hxg3 Rd2 26. c5 Qxc5 27. Qb3+ Kh8
28. Rf1 Rdxf2 29. Rxf2 Qxf2+ 30. Kh2 Qe2 31. Qd1 Rf2 32. Qxe2 Rxe2 33. Kh3 c5
34. c4 e4 35. Rb1 Kh7 36. Rb7 Re3 37. Rxa7 Bf4 38. Kg4 Rxg3+ 39. Kxf4 Rxg2 40.
Ra5 Rg5 41. a4 e3 42. Kxe3 h5 43. Rb5 h4 44. Kf4 Kh6 45. a5 Kh5 46. a6 Rg4+ 47.
Kf3 Rxc4 48. Ra5 g5 49. a7 Rf4+ 50. Kg2 Rf8 51. a8=Q Rxa8 52. Rxa8 Kg4 53. Ra4+
Kf5 54. Rc4 g4 55. Rxc5+ Kf4 56. Rh5 h3+ 57. Kh2 Kf3 58. Rf5+ Ke4 59. Rf8 {
cerny se vzdal} 1-0

[Event "ProMoPro Open 2003"]
[Site "?"]
[Date "2003.09.10"]
[Round "5.18"]
[White "Kalousek, Zdenek"]
[Black "Pribyl, Josef"]
[Result "1-0"]
[WhiteElo "1250"]
[BlackElo "2393"]
[PlyCount "109"]
[EventDate "2003.09.06"]

1. e4 g6 2. d4 c6 3. Nf3 d5 4. e5 Bg7 5. Bd3 Na6 6. a3 Nc7 7. O-O b6 8. Be3 h5
9. Nbd2 Nh6 10. Rc1 Nf5 11. b3 Nxe3 12. fxe3 Bh6 13. Re1 O-O 14. Nf1 c5 15. Rb1
a5 16. c3 Be6 17. a4 Qd7 18. Qc2 Kg7 19. Re2 Rac8 20. Qd1 f5 21. g3 Bf7 22.
Rbb2 Be8 23. Qe1 Qc6 24. Rf2 Bd7 25. h4 Qb7 26. Qe2 Ra8 27. Ne1 Rfc8 28. Ng2
Ne6 29. Nf4 cxd4 30. cxd4 Nxf4 31. gxf4 Rc3 32. Ng3 Kh7 33. Rg2 Qc8 34. Rc2
Rxc2 35. Qxc2 e6 36. Qxc8 Rxc8 37. Rc2 Rxc2 38. Bxc2 Bf8 39. Bd3 Be7 40. Ne2
Bxh4 41. Nc3 g5 42. fxg5 Kg6 43. Bf1 Kxg5 44. Bh3 Be1 45. Ne2 Kh4 46. Kg2 Bd2
47. Ng1 Kg5 48. Nf3+ Kg6 49. Nxd2 b5 50. axb5 Bxb5 51. Kg3 a4 52. bxa4 Bxa4 53.
Bf1 Bd1 54. Kh4 f4 55. Bd3+ {cermy se vzdal} 1-0